Statistiken für Die teuersten Fußballtransfers - Saison 2017-2018

Klicken Sie hier um das Quiz zu spielen!

Allgemein

  • Dieses Quiz wurde 44 mal gespielt
  • Das Durchschnittsergebnis liegt bei 8 aus 10

Antwortstatistiken

Ablöse (M €)NationalitätAbgebender VereinAufnehmender VereinSpieler% Korrekt
222,00BrasilienFC BarcelonaParis SGNeymar
100%
135,00FrankreichBorussia DortmundFC BarcelonaOusmane Dembélé
95%
63,75Frankreich / GabunBorussia DortmundFC ArsenalPierre-Emerick Aubameyang
95%
84,65NiederlandeSouthamptonFC LiverpoolVirgil van Dijk
95%
135,00BrasilienFC LiverpoolFC BarcelonaPhilippe Coutinho
87%
84,70BelgienFC EvertonManchester UnitedRomelu Lukaku
87%
65,00Frankreich / SpanienAthletic BilbaoManchester CityAymeric Laporte
67%
60,00Brasilien / SpanienFC ChelseaAtlético MadridDiego Costa
67%
57,50FrankreichAS MonacoManchester CityBenjamin Mendy
46%
66,00SpanienReal MadridFC ChelseaÁlvaro Morata
44%

Verteilung der Resultate

Perzentil nach korrekt beantworteten Fragen

Anzahl Personen mit jedem Resultat

Ihre Resultats-Entwicklung

Sie haben dieses Quiz noch nicht gespielt